Joy to the world : (Record no. 1828)

MARC details
000 -LEADER
fixed length control field 00851cam a2200253 a 4500
001 - CONTROL NUMBER
control field 565182
003 - CONTROL NUMBER IDENTIFIER
control field GBCCL
005 - DATE AND TIME OF LATEST TRANSACTION
control field 20241126110410.0
008 - FIXED-LENGTH DATA ELEMENTS--GENERAL INFORMATION
fixed length control field 890410s1989 mou b 000 0 eng
010 ## -
-- 89033438
020 ## - INTERNATIONAL STANDARD BOOK NUMBER
International Standard Book Number 0570045347
040 ## - CATALOGING SOURCE
Original cataloging agency DLC
Transcribing agency DLC
Modifying agency DLC
050 00 -
-- BV2061
-- .B53 1989
082 00 - DEWEY DECIMAL CLASSIFICATION NUMBER
Classification number 266
Edition information 20
Item number BIC
100 1# - MAIN ENTRY--PERSONAL NAME
Personal name Bickel, Philip M.,
Dates associated with a name 1948-
9 (RLIN) 3826
245 10 - TITLE STATEMENT
Title Joy to the world :
Remainder of title God's global mission for local Christians /
Statement of responsibility, etc. Philip M. Bickel.
260 ## - PUBLICATION, DISTRIBUTION, ETC.
Place of publication, distribution, etc. St. Louis :
Name of publisher, distributor, etc. Concorida Pub. House,
Date of publication, distribution, etc. c1989.
300 ## - PHYSICAL DESCRIPTION
Extent 153 p. ;
Dimensions 23 cm.
504 ## - BIBLIOGRAPHY, ETC. NOTE
Bibliography, etc. note Bibliography: p. 143-153.
650 #0 - SUBJECT ADDED ENTRY--TOPICAL TERM
Topical term or geographic name entry element Missions.
9 (RLIN) 885
906 ## - LOCAL DATA ELEMENT F, LDF (RLIN)
a 7
b cbc
c orignew
d 1
e ocip
f 19
g y-gencatlg
942 ## - ADDED ENTRY ELEMENTS (KOHA)
Source of classification or shelving scheme Dewey Decimal Classification
Koha item type Books
Koha issues (borrowed), all copies 1
Holdings
Withdrawn status Lost status Source of classification or shelving scheme Damaged status Not for loan Home library Current Library Shelving location Date acquired Total checkouts Full call number Barcode Date last seen Copy number Price effective from Koha item type Date last checked out
    Dewey Decimal Classification     GRACE BIBLE COLLEGE GRACE BIBLE COLLEGE Ministry & Mission 2017-05-26   266 BIC 006662 2025-05-01 c.1 2017-05-26 Books  
    Dewey Decimal Classification     GRACE BIBLE COLLEGE GRACE BIBLE COLLEGE Ministry & Mission 2017-05-26 1 266 BIC 006664 2025-05-01 c.2 2017-05-26 Books 2019-04-04
© Grace Bible College Library 2025